Statistiques concernant Éléments chimiques nommés d'après des lieux

Cliquez ici pour prendre le quiz!

Statistiques générales

  • Ce quiz a été pris 90 fois
  • Le résultat moyen est 7 sur 20

Statistiques - réponses

HintElement% Correct
"L'Hexagone"FranceFrancium
86%
Un État de l'ouest États-UnisCalifornieCalifornium
71%
"Le nouveau Monde"AmeriquesAmericium
70%
La capitale du plus grand pays d'EuropeMoscouMoscovium
61%
"Le Pays des Teutons"
(en latin)
AllemagneGermanium
54%
Le continent le plus densément peupléEuropeEuropium
53%
"L'Hexagone" en latinFrance
(Gaul)
Gallium
47%
Le plus grand pays d'Asie du SudIndeIndium
46%
Un État du sud-est des États-UnisTennesseeTennessine
33%
"La Terre des Champs"PolognePolonium
28%
Région nord de l'EuropeScandinavieScandium
28%
"Le pays du soleil levant"
(dans sa propre langue)
Japon
(Nihon)
Nihonium
25%
Latin pour la capitale de la FranceParis
(lat. Lutetia)
Lutetium
23%
La fleuve de Cologne, Bâle, Düsseldorf, Rotterdam ...RhinRhenium
23%
Ville universitaire californienneBerkeleyBerkelium
22%
Une grande ville dans le Land (état-région) de Hesse.DarmstadtDarmstadtium
19%
Pays asiatique dans l'UEChypreCuivre
8%
Latin pour la capitale du DanemarkCopenhague
(lat. Hafnia)
Hafnium
8%
Latin pour la capitale de la SuèdeStockholm
(lat.Holmia)
Holmium
8%
Nom latin du plus grand pays (en latin)Russie
(lat.Ruthenia)
Ruthenium
5%

Distribution des résultats

Percentile par nombre de réponses

% des personnes avec chaque résultat

Votre développement - résultats

Vous n’avez pas pris ce quiz